00464nam a2200157Ia 45000010006000000050017000060080041000230410008000640820032000721000042001042450102001462600009002483000033002576500008002906540008002982009520260306172741.0260306t2013||||xx |||||||||||||| ||spa|| aESP a342.211bP35 T. 4 V. 5 L. 1 aPeces-Barba Martínez, GregorioeAUT 0aHistoria de los derechos fundamentales. Tomo IV:bsiglo XX: Volumen 5: libro 1. Cultura de la Paz c2013 axvi, 605 páginas :c24 cm. aGEN aCDE